An introduction to psychology (Record no. 8138)
[ view plain ]
| 000 -LEADER | |
|---|---|
| fixed length control field | 00829nam a22001457a 4500 |
| 020 ## - INTERNATIONAL STANDARD BOOK NUMBER | |
| ISBN | 9788120718401 |
| 050 ## - CALL NUMBER | |
| Classification number | BF121 |
| Item number | .M31 |
| 100 ## - AUTHOR | |
| Personal name | Mangal, S K |
| 245 ## - TITLE | |
| Title | An introduction to psychology |
| Statement of responsibility, etc | by Mangal, S K |
| 260 ## - PUBLICATION INFORMATION | |
| Place of publication | New Delhi : |
| Name of publisher | Sterling Publishers Private Ltd., |
| Year of publication | 2012 |
| 300 ## - DESCRIPTION | |
| Number of Pages | ix, 221 pages : |
| Other physical details | illustrations ; |
| Dimensions | 22 cm. |
| 505 ## - FORMATTED CONTENTS NOTE | |
| Table of Content | 1. Psychology meaning, nature, scope and application<br/>2. Method of psychology<br/>3. Psychological basis of behaviour<br/>4. Motivational aspects of behaviour <br/>5. Emotional aspects of behaviour<br/>6. Attention <br/>7. Perception and illusion<br/>8. Learning<br/>9. Memory<br/>10. Thinking, concepts, reasoning and problem solving<br/>11. Environmental determinants of behaviour and process of socialisation<br/>12. Psychological experiments ( Practicals) |
| 650 ## - SUBJECTS | |
| Topical Term | Psychology. |
| 942 ## - ADDED ENTRY ELEMENTS (KOHA) | |
| Koha item type | Books |
| Withdrawn status | Lost status | Collection code | Home library | Current library | Shelving location | Date acquired | Source of acquisition | Cost, normal purchase price | Full call number | Accession Number | Koha item type |
|---|---|---|---|---|---|---|---|---|---|---|---|
| Reference | Methodist University Library Main | Methodist University Library Main | General Stacks | 01/11/2021 | EPP Books | 360.00 | BF121.M31 | 8056 | Books | ||
| Reference | Methodist University Library Main | Methodist University Library Main | General Stacks | 01/11/2021 | EPP Books | 360.00 | BF121.M31 | 8057 | Books |